00607nam a22001697a 4500003000400000008004100004020001800045082001900063100001700082245003700099260006200136300001100198650002700209942001200236999001700248952017200265OSt260625b |||||||| |||| 00| 0 eng d a9789391734671 a294.5343bB32T aBast, Felix  aTrees of Ramayana/by Felix Bast aDelhi : bToday & Tomorrow Printers and Publishers,c2022 a222 p. aReligion | Hinduism I  2ddccBK c52330d52330 00102ddc4070aRAUbRAUcGENd2026-06-25eToday & Tomorrow Printers and Publishers g1595.00l0o294.5343 B32Tp87560r2026-06-25w2026-01-29yBKkBill No. IN-00449